The Answer ends with a W - Statistics

General Stats
  • This quiz has been taken 54 times
  • The average score is 8 of 15
Answer Stats
Hint Answer % Correct
Capital of Poland Warsaw
94%
Hairy body part over your eye Eyebrow
92%
A paper tube used to drink through Straw
92%
Sketch using a pencil Draw
75%
A type of puzzle made up of interlocking pieces Jigsaw
73%
Foodstuff made from shredded cabbage, onion and mayonnaise Coleslaw
69%
Colourful bird of the Parrot family Macaw
58%
Item of confectionary often toasted or dipped in chocolate Marshmallow
52%
US singer who's hits include All I Wanna Do & My Favourite Mistake Sheryl Crow
46%
1988 fantasy movie starring Val Kilmer, Joanne Whalley & Warwick Davis Willow
38%
1988 UK number 1 single by Enya Orinoco Flow
33%
UK Darts champion in the 80's & 90's Eric Bristow
29%
UK 70's children's show starring Fred Dineage, Jack Hargreaves, Bunty James & Jon Miller How
19%
Character in the US soap opera Dallas played by Howard Keel Clayton Farlow
10%
Female US singer who had a 1980 hit with Jump To The Beat when only 13 years old Stacy Lattisaw
6%
No matching quizzes found
Score Distribution
Percent of People with Each Score
Percentile by Number Answered
Your Score History
You have not taken this quiz